00504nam a22001697a 450000500170000001000170001702000110003403500170004503700220006208200080008410000170009224500600010926000400016927000630020930000260027250000360029820100906115622.0 aB-410109-138 c290.00 aB-410109-138 bDisha Publication a530 aBatra, Sunil a(Thirty two) 32 years IIT-JEE Physics /cby Sunil Batra aNew DelhibDisha Publicationsc2010 aB-32, Shivalik Main Road, Malviya NagarbNew Delhie110017 a544p. :c28 cm. (Pbk) ainludes AIEEE 2002-09 Questions